LEADER 01305nam0-2200385---450- 001 990000979080203316 010 $a88-8303-031-1 035 $a0097908 035 $aUSA010097908 035 $a(ALEPH)000097908USA01 035 $a0097908 100 $a20020225d1999----km-y0ITAy01------ba 101 $aita$aeng 102 $aIT 105 $a00||| 200 1 $aStudi politici$enumero monografico dedicato all'Europa centro orientale e balcanica$fa cura di Giuseppe Ieraci, Liborio Mattina 210 $aTrieste$cE.U.T.$d1999 215 $aX, 337 p.$d24 cm 225 2 $aQuaderni del Dipartimento di scienze politiche, Università degli studi di Trieste$v3 410 0$12001$aQuaderni del Dipartimento di scienze politiche, Università degli studi di Trieste$v3 607 $aEuropa centro-orientale$xPolitica$z1989-1999 607 $aPaesi balcanici$xPolitica$z1989-1999 676 $a320.947 702 1$aIERACI,$bGiuseppe 702 1$aMATTINA,$bLiborio 801 0$aIT$bsalbc$gISBD 912 $a990000979080203316 951 $aX 25 XXXIV 1$b15808 G$cX 25 XXXIV 959 $aBK 969 $aGIU 979 $aPATTY$b90$c20020225$lUSA01$h0840 979 $c20020403$lUSA01$h1740 979 $aPATRY$b90$c20040406$lUSA01$h1707 996 $aStudi politici$9162161 997 $aUNISA LEADER 00940nam0 22002531i 450 001 RML0236249 005 20231121125702.0 100 $a20121121d1995 ||||0itac50 ba 101 | $aita 102 $ait 181 1$6z01$ai $bxxxe 182 1$6z01$an 200 1 $aMarketing$ePercorso di apprendimento guidato.Esercizi e teoria. 245 esercizi - 10 casi aziendali - 1 Case history$fRaffaele Cercola 210 $aMilano $cETAS $d1995 215 $axxxvii,327 p.$cfig.$d22 cm. 700 1$aCERCOLA$b, Raffaele$3RMLV149412$0107408 801 3$aIT$bIT-01$c20121121 850 $aIT-FR0098 899 $aBiblioteca Area Giuridico Economica$bFR0098 912 $aRML0236249 950 0$aBiblioteca Area Giuridico Economica$d 53IMP 658.8/44$e 53VM 0000048765 VM barcode:BAGE017647. - Inventario:3508VM$fA $h19970528$i20121204 977 $a 53 996 $aMarketing$9197062 997 $aUNICAS